Teoría general de la ocupación, el interés y el dinero / (Registro nro. 6728)
[ vista simple ]
| 000 -LEADER | |
|---|---|
| fixed length control field | 01258nam a2200289Ia 4500 |
| 003 - CONTROL NUMBER IDENTIFIER | |
| control field | OSt |
| 005 - DATE AND TIME OF LATEST TRANSACTION | |
| control field | 20200625185930.0 |
| 008 - FIXED-LENGTH DATA ELEMENTS--GENERAL INFORMATION | |
| fixed length control field | 191128s1976 ck gr 001 0 spa d |
| 040 ## - CATALOGING SOURCE | |
| Original cataloging agency | CO-JMCR |
| Transcribing agency | CO-JMCR |
| 041 1# - LANGUAGE CODE | |
| Language code of text/sound track or separate title | spa |
| Language code of original | eng |
| 082 04 - DEWEY DECIMAL CLASSIFICATION NUMBER | |
| Classification number | 330.156 / |
| Item number | K446t3 |
| Edition number | 23 |
| 100 1# - MAIN ENTRY--PERSONAL NAME | |
| Personal name | Keynes, John Maynard, |
| Relator term | autor |
| 9 (RLIN) | 5007 |
| 245 10 - TITLE STATEMENT | |
| Title | Teoría general de la ocupación, el interés y el dinero / |
| Statement of responsibility, etc. | John Maynard Keynes ; traducción de Eduardo Hornedo ; revisión de Ángel Martín Pérez |
| 260 ## - PUBLICATION, DISTRIBUTION, ETC. | |
| Place of publication, distribution, etc. | Bogotá : |
| Name of publisher, distributor, etc. | Fondo de Cultura Económica, reimpresión, |
| Date of publication, distribution, etc. | 1965. |
| 300 ## - PHYSICAL DESCRIPTION | |
| Extent | 356 páginas ; |
| Dimensions | 20 cm. |
| 490 0# - SERIES STATEMENT | |
| Series statement | Sección de obras de economía |
| 500 ## - GENERAL NOTE | |
| General note | Incluye índice analítico páginas 341-353.<br/><br/> |
| 505 0# - FORMATTED CONTENTS NOTE | |
| Formatted contents note | Definiciones e ideas -- La propensión a consumir -- El incentivo para invertir -- Salarios nominales y precios -- Breves consideraciones sugeridas por la teoría general |
| 534 ## - ORIGINAL VERSION NOTE | |
| Introductory phrase | The general theory of employment, interest and money |
| 546 ## - LANGUAGE NOTE | |
| Language note | Traducido del inglés |
| 650 14 - SUBJECT ADDED ENTRY--TOPICAL TERM | |
| Topical term or geographic name entry element | Economía política |
| 9 (RLIN) | 6193 |
| 650 24 - SUBJECT ADDED ENTRY--TOPICAL TERM | |
| Topical term or geographic name entry element | Teorías económica |
| 9 (RLIN) | 6194 |
| 650 14 - SUBJECT ADDED ENTRY--TOPICAL TERM | |
| Topical term or geographic name entry element | Teoría monetaria Intereses |
| 9 (RLIN) | 6195 |
| 700 1# - ADDED ENTRY--PERSONAL NAME | |
| Personal name | Hornedo, Eduardo, |
| Relator term | traductor |
| 9 (RLIN) | 5011 |
| 700 1# - ADDED ENTRY--PERSONAL NAME | |
| Personal name | Martín Pérez, Ángel, |
| Relator term | revisor |
| 9 (RLIN) | 6196 |
| 942 ## - ADDED ENTRY ELEMENTS (KOHA) | |
| Source of classification or shelving scheme | Dewey Decimal Classification |
| Koha item type | Books |
No hay ítems disponibles.